000 00382nam a2200157Ia 4500
003 GCL
008 140319s9999 xx 000 0 eng d
040 _aGCL /
_cGCL
082 0 4 _a305
_bD D
100 1 _aDOSSIER DU CEDEJ
245 1 0 _aPOLITIQUES /
_cDOSSIER DU CEDEJ
260 _a[S.N] :
_bDOSSIERS DU CEDEJ
300 _a192
650 0 4 _aPOLICY - GOVERNMENT
942 _2ddc
_cBK
999 _c25788
_d25788